Les 30 plus grandes îles au monde (en superficie) - Statistiques

Statistiques générales
  • Ce quiz a été pris 171 fois
  • Le résultat moyen est 12 sur 30
Statistiques - réponses
Hint Réponse % Correct
7 591 608 Australie continentale
97%
587 295 Madagascar
90%
105 007 Cuba
72%
2 130 800 Groenland
72%
216 777 Grande-Bretagne
68%
102 828 Islande
66%
65 268 Sri Lanka
65%
76 480 Hispaniola
59%
84 406 Irlande
58%
743 330 Bornéo
50%
126 700 Java
49%
227 414 Honshu
45%
78 073 Hokkaido
44%
775 210 Nouvelle-Guinée
42%
425 000 Sumatra
42%
114 050 Ile du Nord (Nouvelle-Zélande)
36%
150 737 Ile du Sud (Nouvelle-Zélande)
36%
60 637 Ile de Tasmanie
28%
104 688 Luçon
24%
507 451 Ile de Baffin
23%
174 600 Célèbes
22%
108 860 Terre-Neuve
22%
76 400 Sakhaline
20%
217 291 Ile Victoria
17%
196 236 Ile d'Ellesmere
16%
94 630 Mindanao
16%
70 028 Ile Banks
8%
55 247 Ile Devon
5%
48 904 Ile Severny
3%
49 069 Ile Alexandre-Ier
1%
Aucun quiz correspondant
Distribution des résultats
% des personnes avec chaque résultat
Percentile par nombre de réponses
Votre historique - résultats
Vous n’avez pas pris ce quiz